000 00210 a2200097 4500
001 13365
100 _aKing hall S
245 _aThe comunist conspriacy
260 _aLondon
_bConstable
_c
090 _c10381
_d10381
942 _aNUST-CAE
_cM
_c427
999 _c248438
_d248438